000 00315nam a22001337a 4500
008 181107b xxu||||| |||| 00| 0 eng d
020 _a9781929154128
041 _aeng
080 _a371
100 _a46
101 _aEDU
245 _aRare Words and ways to master their meanings
_cLeighton, H
942 _2udc
_cBK
999 _c52239
_d52239